Southville International School and Colleges
Your cart is empty.
  • Cart
  • Lists
    Public lists Eva Luna New books Lux_list list_1
    Your lists Log in to create your own lists
  • Log in to your account
  • Your cookies
  • Search history
Southville International School and Colleges
  • Advanced search
  • Recent comments
  • Most popular
  • Libraries

Log in to your account

Log in with GOOGLE


If you do not have an external account, but do have a local account, you can still log in:

  1. Home
  2. MARC view: Si Matabagka at ang tagapag-ingat ng hangin /
Normal view MARC view ISBD view

Si Matabagka at ang tagapag-ingat ng hangin / (Record no. 110546)

[ view plain ]
MARC details
000 -LEADER
fixed length control field 00531nam a2200181 a 4500
001 - CONTROL NUMBER
control field 0770
005 - DATE AND TIME OF LATEST TRANSACTION
control field 20140414131858.0
008 - FIXED-LENGTH DATA ELEMENTS--GENERAL INFORMATION
fixed length control field 040929s19uu xx 00 eng d
020 ## - INTERNATIONAL STANDARD BOOK NUMBER
International Standard Book Number 971-8509-09-7
050 ## - LIBRARY OF CONGRESS CALL NUMBER
Classification number FIL
Item number M41 1995
100 ## - MAIN ENTRY--PERSONAL NAME
Personal name Batnag, Aurora
245 ## - TITLE STATEMENT
Title Si Matabagka at ang tagapag-ingat ng hangin /
Statement of responsibility, etc by Aurora Batnag ; illustrations by Melchor Silvestre.
260 ## - PUBLICATION, DISTRIBUTION, ETC. (IMPRINT)
Place of publication, distribution, etc Manila :
Name of publisher, distributor, etc Aklat Adarna,
Date of publication, distribution, etc 1995.
300 ## - PHYSICAL DESCRIPTION
Extent p. : ill. ; cm.
650 ## - SUBJECT ADDED ENTRY--TOPICAL TERM
Topical term or geographic name as entry element Air
General subdivision Fiction.
650 ## - SUBJECT ADDED ENTRY--TOPICAL TERM
Topical term or geographic name as entry element Children stories.
Holdings
Withdrawn status Lost status Damaged status Use restrictions Home library Current library Shelving location Date acquired Source of acquisition Total Checkouts Full call number Barcode Date last seen Price effective from Koha item type
        Munich Library Munich Library Filipiniana Section 09/29/2004     FIL M41 1995 M0980 04/14/2014 04/14/2014 Books

Si Matabagka at ang tagapag-ingat ng hangin /

APA

Batnag A., . (1995). Si Matabagka at ang tagapag-ingat ng hangin. Manila: Aklat Adarna.

Chicago

Batnag Aurora, . 1995. Si Matabagka at ang tagapag-ingat ng hangin. Manila: Aklat Adarna.

Harvard

Batnag A., . (1995). Si Matabagka at ang tagapag-ingat ng hangin. Manila: Aklat Adarna.

MLA

Batnag Aurora, . Si Matabagka at ang tagapag-ingat ng hangin. Manila: Aklat Adarna. 1995.

  • Place hold
  • Print
  • Cite
  • Add to your cart (remove)
  • Save record
    BIBTEX Dublin Core MARCXML MARC (non-Unicode/MARC-8) MARC (Unicode/UTF-8) MARC (Unicode/UTF-8, Standard) MODS (XML) RIS
  • More searches
    Search for this title in:
    Other Libraries (WorldCat) Other Databases (Google Scholar) Online Stores (Bookfinder.com) Open Library (openlibrary.org)

Exporting to Dublin Core...

SOUTHVILLE LIBRARY

Southville International School and Colleges Library

1281 Tropical Ave. Cor. Luxembourg St., BF Homes International, Las Pinas City

Tel. No. 8256374 / 252358 Loc. 117/146

Powered by Koha